LIBRARY & INFORMATION CENTRE, KCAET, TAVANUR

ONLINE PUBLIC ACCESS CATALOGUE (OPAC)

Modernizing world agriculture / (Record no. 1415)

MARC details
000 -LEADER
fixed length control field 00502cam a2200193ua 4500
041 ## - LANGUAGE CODE
Language code of text/sound track or separate title eng
082 ## - DEWEY DECIMAL CLASSIFICATION NUMBER
Classification number 630
Item number AXI/MO
100 ## - MAIN ENTRY--AUTHOR NAME
Personal name Axinn, George H .
245 ## - TITLE STATEMENT
Title Modernizing world agriculture /
250 ## - EDITION STATEMENT
Edition statement 1 /
260 ## - PUBLICATION, DISTRIBUTION, ETC. (IMPRINT)
Place of publication New Delhi :
Name of publisher Oxford & IBH Publishing company ,
Year of publication 1972.
300 ## - PHYSICAL DESCRIPTION
Number of Pages 216 ; .
700 1# - ADDED ENTRY--PERSONAL NAME
Personal name Sudhakar, Thorat .
942 ## - ADDED ENTRY ELEMENTS (KOHA)
Koha item type Books
Holdings
Withdrawn status Lost status Damaged status Home library Current library Date acquired Full call number Accession Number Koha item type
      KAUAET KAUAET 07/04/2012 630 14675 Books
free website counter